• 首页
  • 本馆介绍
  • 公告通知
  • 最新文献
  • 馆藏检索
  • 电子资源
  • 读者导购
  • 参考咨询
  • 我的图书馆
  • 登录
  • 详细信息显示
  • 放入我的书架
  • 预约/预借图书
  • 作者相关作品
  • 分类相关作品
  • 丛书相关作品
  • 出版社相关作品

书目信息

  • 表格格式
  • 工作单格式
  • 卡片格式
题名:
特殊青少年心理与教育研究
    
 
作者: 冯维 , 阳泽 , 江小英 著
分册:  
出版信息: 北京   人民出版社  2019
页数: 12, 258页
开本: 24cm
丛书名: 西南大学教育学部现代教育文库
单 册:
中图分类: B844.2 , G479
科图分类:
主题词: 青少年心理学--qing shao nian xin li xue , 青少年--qing shao nian--心理健康--健康教育--研究
电子资源:
ISBN: 978-7-01-014183-1
000 01145nam 2200325 45
001 012001004721
005 20141125083514.0
010    @a978-7-01-014183-1@dCNY34.00
099    @aCAL 012015048249
100    @a20150424d2014 em y0chiy50 ea
101 0  @achi
102    @aCN@b110000
105    @ak ai 000yy
106    @ar
200 1  @a特殊青少年心理与教育研究@Ate shu qing shao nian xin li yu jiao yu yan jiu@e以听障青少年的研究为例@f冯维, 阳泽, 江小英著
210    @a北京@c人民出版社@d2019
215    @a12, 258页@d24cm
225 2  @a西南大学教育学部现代教育文库@Axi nan da xue jiao yu xue bu xian dai jiao yu wen ku@v2
320    @a有书目
410  0 @12001@a西南大学教育学部现代教育文库@v2
517 1  @a以听障青少年的研究为例@Ayi ting zhang qing shao nian de yan jiu wei li
606 0  @a青少年心理学@Aqing shao nian xin li xue
606 0  @a青少年@Aqing shao nian@x心理健康@x健康教育@x研究
690    @aB844.2@v5
690    @aG479@v5
701  0 @a冯维@Afeng wei@4著
701  0 @a阳泽@Ayang ze@4著
701  0 @a江小英@Ajiang xiao ying@4著
801  0 @aCN@b江苏凤凰@c20191020
905    @b1223728-32@dB844.2@e3415@f5
    
    特殊青少年心理与教育研究:以听障青少年的研究为例/冯维, 阳泽, 江小英著.-北京:人民出版社,2019
    12, 258页;24cm.-(西南大学教育学部现代教育文库;2)
    
    
    ISBN 978-7-01-014183-1:CNY34.00
    
●
相关链接 在E读中查询图书 在五车中查询图书 在当当中查询图书 在豆瓣中查询图书


正题名:特殊青少年心理与教育研究     索取号:B844.2/3415         预约/预借

序号 登录号 条形码 馆藏地/架位号 状态 备注
1 1223728   212237284   第一样本阅览室/ [索取号:B844.2/3415] 在馆    
2 1223729   212237293   教育系资料室/ [索取号:B844.2/3415] 在馆    
3 1223730   212237300   教育系资料室/ [索取号:B844.2/3415] 在馆    
4 1223731   212237319   第一借阅区/ [索取号:B844.2/3415] 在馆    
5 1223732   212237328   第一借阅区/ [索取号:B844.2/3415] 在馆    
唐山师范学院图书馆 欢迎您!
大连网信软件有限公司© 版权所有